000 00343nam a22001217a 4500
020 _a9789383305094
082 _a637.0954
_bSHI/DA
100 _aShivashraya,Singh
_91097
245 _aDairy Technology- Volume - 2 : Dairy Products and Quality Assurance
260 _aNew Delhi
_bNew India Publishing Agency
_c2014
300 _a691
942 _cBK
999 _c14627
_d14627